[Event "Girls U20 Polish Youth Championship"]
[Site "Ustron"]
[Date "2019.11.25"]
[Round "3"]
[White "Antolak, Julia"]
[Black "Kubicka, Anna"]
[Result "1/2-1/2"]
[Board "1"]
[WhiteElo "2249"]
[WhiteTitle "WIM"]
[WhiteCountry "POL"]
[WhiteFideId "1159569"]
[WhiteEloChange "-1"]
[BlackElo "2221"]
[BlackTitle "WIM"]
[BlackCountry "POL"]
[BlackFideId "1152254"]
[BlackEloChange "1"]

1. e4 {[%clk 1:30:58]} c6 {[%clk 1:30:54]} 2. d4 {[%clk 1:31:23]} d5 {[%clk
1:31:21]} 3. exd5 {[%clk 1:31:48]} cxd5 {[%clk 1:31:48]} 4. Bd3 {[%clk 1:32:11]}
Nc6 {[%clk 1:32:11]} 5. c3 {[%clk 1:32:38]} Nf6 {[%clk 1:32:36]} 6. Bf4 {[%clk
1:32:30]} Bg4 {[%clk 1:32:52]} 7. Qb3 {[%clk 1:31:52]} Qd7 {[%clk 1:33:17]} 8.
Nd2 {[%clk 1:22:59]} e6 {[%clk 1:33:42]} 9. Ngf3 {[%clk 1:16:09]} Bd6 {[%clk
1:33:13]} 10. Bg5 {[%clk 1:03:34]} Bxf3 {[%clk 1:20:34]} 11. Nxf3 {[%clk
1:03:31]} Nh5 {[%clk 1:20:36]} 12. g3 {[%clk 0:55:18]} h6 {[%clk 1:20:08]} 13.
Bd2 {[%clk 0:53:53]} a6 {[%clk 1:18:46]} 14. O-O {[%clk 0:47:09]} Nf6 {[%clk
1:17:13]} 15. Rae1 {[%clk 0:44:55]} Qc7 {[%clk 1:15:56]} 16. Qd1 {[%clk 0:40:44]}
O-O-O {[%clk 0:56:38]} 17. b4 {[%clk 0:31:40]} Rdg8 {[%clk 0:55:05]} 18. a4
{[%clk 0:29:50]} h5 {[%clk 0:55:17]} 19. b5 {[%clk 0:28:11]} axb5 {[%clk
0:55:31]} 20. axb5 {[%clk 0:28:36]} Na5 {[%clk 0:53:31]} 21. c4 {[%clk 0:22:46]}
Nxc4 {[%clk 0:53:27]} 22. b6 {[%clk 0:15:15]} Qxb6 {[%clk 0:49:15]} 23. Bxc4
{[%clk 0:10:30]} dxc4 {[%clk 0:49:13]} 24. Qe2 {[%clk 0:10:44]} Qc6 {[%clk
0:41:11]} 25. Ra1 {[%clk 0:08:22]} Kd7 {[%clk 0:39:02]} 26. Rfe1 {[%clk 0:05:13]}
h4 {[%clk 0:18:27]} 27. Nxh4 {[%clk 0:04:55]} g5 {[%clk 0:15:55]} 28. Nf3 {[%clk
0:02:54]} g4 {[%clk 0:16:07]} 29. Ne5+ {[%clk 0:02:48]} Bxe5 {[%clk 0:16:30]} 30.
Qxe5 {[%clk 0:03:15]} Nd5 {[%clk 0:11:50]} 31. Ra5 {[%clk 0:02:16]} Rh3 {[%clk
0:07:47]} 32. Rc5 {[%clk 0:02:35]} Qd6 {[%clk 0:08:10]} 33. Qe2 {[%clk 0:02:26]}
Rgh8 {[%clk 0:05:52]} 34. Qxg4 {[%clk 0:02:41]} Rxh2 {[%clk 0:05:21]} 35. Re5
{[%clk 0:02:19]} Ne7 {[%clk 0:03:34]} 36. Qe4 {[%clk 0:01:40]} Qa6 {[%clk
0:01:53]} 37. Ra5 {[%clk 0:00:59]} Qc6 {[%clk 0:02:11]} 38. d5 {[%clk 0:00:49]}
Nxd5 {[%clk 0:02:26]} 39. Raxd5+ {[%clk 0:00:43]} exd5 {[%clk 0:02:41]} 40. Rxd5+
{[%clk 0:30:37]} Kc8 {[%clk 0:32:37]} 41. Qf5+ {[%clk 0:23:33]} Qe6 {[%clk
0:31:14]} 42. Rc5+ {[%clk 0:23:36]} Kd7 {[%clk 0:31:07]} 43. Rd5+ {[%clk
0:23:35]} Kc6 {[%clk 0:28:00]} 44. Rc5+ {[%clk 0:23:16]} Kd7 {[%clk 0:26:58]} 45.
Rd5+ {[%clk 0:23:35]} Kc8 {[%clk 0:25:31]} 46. Rc5+ {[%clk 0:23:57]} 1/2-1/2

[Event "Girls U20 Polish Youth Championship"]
[Site "Ustron"]
[Date "2019.11.25"]
[Round "3"]
[White "Dwilewicz, Katarzyna"]
[Black "Dylag, Emilia"]
[Result "1-0"]
[Board "2"]
[WhiteElo "2100"]
[WhiteTitle "WFM"]
[WhiteCountry "POL"]
[WhiteFideId "1148486"]
[WhiteEloChange "8"]
[BlackElo "2046"]
[BlackCountry "POL"]
[BlackFideId "21805172"]
[BlackEloChange "-8"]

1. e4 {[%clk 1:30:57]} c5 {[%clk 1:30:55]} 2. Nf3 {[%clk 1:31:22]} d6 {[%clk
1:31:16]} 3. Nc3 {[%clk 1:31:35]} Nf6 {[%clk 1:31:34]} 4. e5 {[%clk 1:31:34]}
dxe5 {[%clk 1:31:33]} 5. Nxe5 {[%clk 1:31:54]} a6 {[%clk 1:28:40]} 6. g3 {[%clk
1:31:23]} Qc7 {[%clk 1:25:43]} 7. d4 {[%clk 1:29:42]} cxd4 {[%clk 1:22:13]} 8.
Qxd4 {[%clk 1:30:00]} Nc6 {[%clk 1:14:43]} 9. Nxc6 {[%clk 1:29:29]} Qxc6 {[%clk
1:13:38]} 10. Bg5 {[%clk 1:29:12]} Bd7 {[%clk 0:45:37]} 11. O-O-O {[%clk
1:12:51]} O-O-O {[%clk 0:42:53]} 12. Qa7 {[%clk 0:53:42]} b5 {[%clk 0:35:04]} 13.
Bf4 {[%clk 0:40:48]} Qb7 {[%clk 0:33:21]} 14. Qc5+ {[%clk 0:39:29]} Qc6 {[%clk
0:30:53]} 15. Qe5 {[%clk 0:38:32]} Qb6 {[%clk 0:26:23]} 16. Na4 {[%clk 0:34:19]}
Qb7 {[%clk 0:26:27]} 17. Bg2 {[%clk 0:31:49]} 1-0

[Event "Girls U20 Polish Youth Championship"]
[Site "Ustron"]
[Date "2019.11.25"]
[Round "3"]
[White "Stochnialek, Dominika"]
[Black "Cieslak, Wiktoria"]
[Result "0-1"]
[Board "3"]
[WhiteElo "1768"]
[WhiteCountry "POL"]
[WhiteFideId "1165402"]
[WhiteEloChange "-3"]
[BlackElo "2039"]
[BlackCountry "POL"]
[BlackFideId "1160036"]
[BlackEloChange "3"]

1. e4 {[%clk 1:30:58]} c5 {[%clk 1:30:56]} 2. Nf3 {[%clk 1:31:25]} d6 {[%clk
1:31:20]} 3. Bb5+ {[%clk 1:31:49]} Bd7 {[%clk 1:31:44]} 4. Bxd7+ {[%clk 1:32:13]}
Qxd7 {[%clk 1:32:11]} 5. c4 {[%clk 1:32:27]} Nc6 {[%clk 1:32:20]} 6. Nc3 {[%clk
1:32:34]} Nf6 {[%clk 1:32:03]} 7. O-O {[%clk 1:31:47]} e6 {[%clk 1:32:12]} 8. d4
{[%clk 1:32:10]} cxd4 {[%clk 1:32:34]} 9. Nxd4 {[%clk 1:32:36]} Be7 {[%clk
1:32:41]} 10. f3 {[%clk 1:31:30]} O-O {[%clk 1:32:10]} 11. Be3 {[%clk 1:30:38]}
Rac8 {[%clk 1:31:03]} 12. b3 {[%clk 1:23:15]} Rfd8 {[%clk 1:29:02]} 13. Rc1
{[%clk 1:05:21]} b6 {[%clk 1:07:13]} 14. Qe2 {[%clk 0:49:57]} Qb7 {[%clk
0:59:37]} 15. Rfd1 {[%clk 0:47:14]} a6 {[%clk 0:58:59]} 16. g3 {[%clk 0:26:26]}
Rc7 {[%clk 0:55:15]} 17. Kg2 {[%clk 0:23:05]} Rdc8 {[%clk 0:54:04]} 18. Nxc6
{[%clk 0:20:21]} Rxc6 {[%clk 0:53:58]} 19. a4 {[%clk 0:20:28]} h6 {[%clk
0:50:41]} 20. Qb2 {[%clk 0:08:13]} Ne8 {[%clk 0:45:23]} 21. Rd3 {[%clk 0:07:37]}
Nc7 {[%clk 0:43:47]} 22. Na2 {[%clk 0:03:05]} d5 {[%clk 0:41:21]} 23. exd5 {[%clk
0:03:27]} exd5 {[%clk 0:41:48]} 24. Rcd1 {[%clk 0:01:51]} dxc4 {[%clk 0:40:18]}
25. bxc4 {[%clk 0:02:19]} Ne6 {[%clk 0:39:30]} 26. Rd7 {[%clk 0:02:02]} R8c7
{[%clk 0:39:56]} 27. Rxc7 {[%clk 0:02:13]} Qxc7 {[%clk 0:40:22]} 28. Rc1 {[%clk
0:00:48]} Qd6 {[%clk 0:38:02]} 29. Nc3 {[%clk 0:00:43]} Bf6 {[%clk 0:34:57]} 30.
Qe2 {[%clk 0:01:07]} Bxc3 {[%clk 0:33:58]} 31. Rxc3 {[%clk 0:01:36]} Qb4 {[%clk
0:34:19]} 32. Qc2 {[%clk 0:01:45]} Nc5 {[%clk 0:27:08]} 33. Bxc5 {[%clk 0:02:00]}
Rxc5 {[%clk 0:27:36]} 34. h4 {[%clk 0:00:45]} b5 {[%clk 0:27:06]} 35. axb5 {[%clk
0:01:06]} axb5 {[%clk 0:27:34]} 36. Qb3 {[%clk 0:00:41]} Qa5 {[%clk 0:23:17]} 37.
Rc2 {[%clk 0:00:34]} Qc7 {[%clk 0:20:56]} 38. Qd3 {[%clk 0:00:33]} bxc4 {[%clk
0:21:05]} 39. Qe4 {[%clk 0:00:53]} c3 {[%clk 0:20:58]} 40. Kf2 {[%clk 0:30:33]}
Re5 {[%clk 0:49:24]} 41. Qa8+ {[%clk 0:27:41]} Kh7 {[%clk 0:49:30]} 42. Qa1
{[%clk 0:27:58]} Qc5+ {[%clk 0:49:33]} 43. Kg2 {[%clk 0:28:04]} Re3 {[%clk
0:48:01]} 44. Qb1 {[%clk 0:28:16]} Qf5 {[%clk 0:47:24]} 0-1

[Event "Girls U20 Polish Youth Championship"]
[Site "Ustron"]
[Date "2019.11.25"]
[Round "3"]
[White "Kiolbasa, Oliwia"]
[Black "Goraj, Barbara"]
[Result "0-1"]
[Board "4"]
[WhiteElo "2208"]
[WhiteTitle "WIM"]
[WhiteCountry "POL"]
[WhiteFideId "1154613"]
[WhiteEloChange "-14"]
[BlackElo "2044"]
[BlackTitle "WCM"]
[BlackCountry "POL"]
[BlackFideId "21816166"]
[BlackEloChange "14"]

1. e4 {[%clk 1:30:57]} c5 {[%clk 1:30:54]} 2. Nf3 {[%clk 1:31:18]} Nc6 {[%clk
1:31:15]} 3. Bb5 {[%clk 1:31:07]} g6 {[%clk 1:30:24]} 4. Bxc6 {[%clk 1:30:38]}
dxc6 {[%clk 1:30:08]} 5. d3 {[%clk 1:30:27]} Bg7 {[%clk 1:28:35]} 6. h3 {[%clk
1:29:41]} e5 {[%clk 1:22:22]} 7. O-O {[%clk 1:24:17]} Qc7 {[%clk 1:17:36]} 8. Be3
{[%clk 1:18:15]} b6 {[%clk 1:16:15]} 9. Nc3 {[%clk 1:18:02]} Nf6 {[%clk 1:12:34]}
10. a3 {[%clk 1:13:58]} O-O {[%clk 0:52:52]} 11. b4 {[%clk 1:11:00]} cxb4 {[%clk
0:44:43]} 12. axb4 {[%clk 1:11:28]} Bb7 {[%clk 0:41:35]} 13. Ra3 {[%clk 1:02:47]}
Qe7 {[%clk 0:39:07]} 14. Qa1 {[%clk 0:53:11]} Qxb4 {[%clk 0:27:52]} 15. Rb1
{[%clk 0:22:15]} Qd6 {[%clk 0:20:32]} 16. Rxa7 {[%clk 0:16:39]} b5 {[%clk
0:14:06]} 17. Rb2 {[%clk 0:14:49]} Nd7 {[%clk 0:09:14]} 18. Rba2 {[%clk 0:14:51]}
Rab8 {[%clk 0:09:25]} 19. Qb2 {[%clk 0:11:32]} Bf6 {[%clk 0:07:34]} 20. Ne2
{[%clk 0:09:33]} Rfd8 {[%clk 0:06:49]} 21. Ng3 {[%clk 0:09:00]} Nc5 {[%clk
0:04:54]} 22. Qa3 {[%clk 0:06:40]} Be7 {[%clk 0:03:11]} 23. Qc3 {[%clk 0:05:47]}
f6 {[%clk 0:02:50]} 24. d4 {[%clk 0:04:33]} exd4 {[%clk 0:00:56]} 25. Bxd4 {[%clk
0:04:45]} Na4 {[%clk 0:00:34]} 26. Qb3+ {[%clk 0:04:05]} Kf8 {[%clk 0:00:39]} 27.
e5 {[%clk 0:02:12]} Qd5 {[%clk 0:00:34]} 28. exf6 {[%clk 0:00:44]} Bc5 {[%clk
0:00:39]} 29. Qxd5 {[%clk 0:00:36]} Rxd5 {[%clk 0:00:49]} 30. Bxc5+ {[%clk
0:00:48]} Nxc5 {[%clk 0:01:01]} 31. R7a3 {[%clk 0:00:37]} Kf7 {[%clk 0:00:48]}
32. Rc3 {[%clk 0:00:48]} Na4 {[%clk 0:00:33]} 33. Re3 {[%clk 0:01:01]} Kxf6
{[%clk 0:00:36]} 34. Ne4+ {[%clk 0:00:48]} Kg7 {[%clk 0:00:51]} 35. Neg5 {[%clk
0:00:50]} Rd7 {[%clk 0:00:50]} 36. c4 {[%clk 0:00:33]} Nb6 {[%clk 0:00:35]} 37.
cxb5 {[%clk 0:00:35]} cxb5 {[%clk 0:00:53]} 38. Rae2 {[%clk 0:00:46]} Nd5 {[%clk
0:00:43]} 39. Rb3 {[%clk 0:00:55]} Nf4 {[%clk 0:00:36]} 40. Ne6+ {[%clk 0:30:33]}
Nxe6 {[%clk 0:30:57]} 41. Rxe6 {[%clk 0:30:57]} Bd5 {[%clk 0:28:59]} 42. Ree3
{[%clk 0:30:56]} Bxb3 {[%clk 0:28:47]} 43. Rxb3 {[%clk 0:31:25]} Rd1+ {[%clk
0:27:45]} 44. Kh2 {[%clk 0:31:51]} Kf6 {[%clk 0:26:59]} 45. g4 {[%clk 0:30:10]}
g5 {[%clk 0:24:10]} 46. Rb4 {[%clk 0:28:45]} Rc1 {[%clk 0:15:10]} 47. Nd2 {[%clk
0:26:42]} h6 {[%clk 0:12:59]} 48. Kg3 {[%clk 0:26:59]} Rc2 {[%clk 0:12:24]} 49.
Ne4+ {[%clk 0:27:01]} Ke5 {[%clk 0:12:07]} 50. f3 {[%clk 0:27:29]} Rc4 {[%clk
0:11:36]} 51. Rb3 {[%clk 0:27:53]} b4 {[%clk 0:07:49]} 52. h4 {[%clk 0:28:18]}
Rxe4 {[%clk 0:06:33]} 0-1

[Event "Girls U20 Polish Youth Championship"]
[Site "Ustron"]
[Date "2019.11.25"]
[Round "3"]
[White "Adamczyk, Zuzanna"]
[Black "Szczotka, Klara"]
[Result "1-0"]
[Board "5"]
[WhiteElo "1992"]
[WhiteCountry "POL"]
[WhiteFideId "1187570"]
[WhiteEloChange "5"]
[BlackElo "1781"]
[BlackCountry "POL"]
[BlackFideId "21858845"]
[BlackEloChange "-5"]

1. e4 {[%clk 1:30:56]} c5 {[%clk 1:30:53]} 2. Nf3 {[%clk 1:31:19]} e6 {[%clk
1:31:19]} 3. d4 {[%clk 1:31:36]} cxd4 {[%clk 1:31:43]} 4. Nxd4 {[%clk 1:31:50]}
a6 {[%clk 1:32:03]} 5. c4 {[%clk 1:31:27]} Nf6 {[%clk 1:32:26]} 6. Nc3 {[%clk
1:31:40]} Bb4 {[%clk 1:32:44]} 7. Qd3 {[%clk 1:18:58]} Qc7 {[%clk 1:32:56]} 8. a3
{[%clk 1:15:16]} Bxc3+ {[%clk 1:33:17]} 9. bxc3 {[%clk 1:15:06]} d6 {[%clk
1:33:28]} 10. Qg3 {[%clk 1:02:39]} O-O {[%clk 1:32:32]} 11. Bh6 {[%clk 1:00:40]}
Ne8 {[%clk 1:32:56]} 12. Be2 {[%clk 0:59:05]} Nd7 {[%clk 1:31:57]} 13. Nb3 {[%clk
0:53:49]} Kh8 {[%clk 1:28:50]} 14. Bf4 {[%clk 0:51:05]} Ndf6 {[%clk 1:22:25]} 15.
Nd2 {[%clk 0:48:17]} e5 {[%clk 1:21:32]} 16. Bg5 {[%clk 0:46:10]} h6 {[%clk
1:20:26]} 17. h4 {[%clk 0:35:42]} Nh7 {[%clk 1:12:54]} 18. f4 {[%clk 0:22:01]} f6
{[%clk 0:46:17]} 19. f5 {[%clk 0:20:46]} fxg5 {[%clk 0:37:35]} 20. hxg5 {[%clk
0:21:07]} Qe7 {[%clk 0:37:29]} 21. Nf3 {[%clk 0:18:00]} Bxf5 {[%clk 0:19:32]} 22.
exf5 {[%clk 0:16:43]} Rxf5 {[%clk 0:19:56]} 23. Nh4 {[%clk 0:14:06]} Rxg5 {[%clk
0:20:14]} 24. Ng6+ {[%clk 0:14:05]} Rxg6 {[%clk 0:20:39]} 25. Qxg6 {[%clk
0:14:30]} Nef6 {[%clk 0:19:59]} 26. g4 {[%clk 0:11:18]} Nd7 {[%clk 0:18:51]} 27.
Rd1 {[%clk 0:09:07]} Ndf6 {[%clk 0:18:11]} 28. g5 {[%clk 0:08:47]} hxg5 {[%clk
0:17:36]} 29. Rxd6 {[%clk 0:04:20]} Kg8 {[%clk 0:09:34]} 30. c5 {[%clk 0:03:20]}
Qf7 {[%clk 0:05:47]} 31. Rxf6 {[%clk 0:01:59]} Qxf6 {[%clk 0:05:48]} 32. Qxh7+
{[%clk 0:02:07]} 1-0

[Event "Girls U20 Polish Youth Championship"]
[Site "Ustron"]
[Date "2019.11.25"]
[Round "3"]
[White "Kulpa, Zuzanna"]
[Black "Siekanska, Maria"]
[Result "1/2-1/2"]
[Board "6"]
[WhiteElo "1878"]
[WhiteCountry "POL"]
[WhiteFideId "1195093"]
[WhiteEloChange "-3"]
[BlackElo "1773"]
[BlackCountry "POL"]
[BlackFideId "21852650"]
[BlackEloChange "3"]

1. d4 {[%clk 1:30:57]} d5 {[%clk 1:30:54]} 2. c4 {[%clk 1:31:21]} e6 {[%clk
1:31:18]} 3. Nf3 {[%clk 1:31:45]} c5 {[%clk 1:31:40]} 4. cxd5 {[%clk 1:32:04]}
exd5 {[%clk 1:32:01]} 5. g3 {[%clk 1:32:27]} Nc6 {[%clk 1:32:16]} 6. Bg2 {[%clk
1:32:43]} Nf6 {[%clk 1:32:23]} 7. O-O {[%clk 1:33:04]} Be7 {[%clk 1:32:36]} 8.
dxc5 {[%clk 1:33:25]} Bxc5 {[%clk 1:32:45]} 9. a3 {[%clk 1:33:44]} Ne4 {[%clk
1:28:47]} 10. b4 {[%clk 1:23:08]} Be7 {[%clk 1:26:59]} 11. Bb2 {[%clk 1:22:04]}
O-O {[%clk 1:26:50]} 12. Nc3 {[%clk 1:20:45]} Bf6 {[%clk 1:24:43]} 13. Rc1 {[%clk
1:18:59]} Bf5 {[%clk 1:23:36]} 14. Ba1 {[%clk 1:16:14]} Nxc3 {[%clk 1:15:08]} 15.
Bxc3 {[%clk 1:16:37]} d4 {[%clk 1:09:59]} 16. Ba1 {[%clk 1:15:56]} a6 {[%clk
1:09:19]} 17. Nd2 {[%clk 1:11:59]} Re8 {[%clk 1:06:12]} 18. Nb3 {[%clk 1:08:40]}
Bg4 {[%clk 0:56:38]} 19. Re1 {[%clk 1:06:57]} Qe7 {[%clk 0:50:25]} 20. Bxc6
{[%clk 0:59:37]} bxc6 {[%clk 0:50:42]} 21. Nxd4 {[%clk 0:58:48]} Rad8 {[%clk
0:43:09]} 22. Nxc6 {[%clk 0:55:48]} Qe4 {[%clk 0:43:13]} 23. Qc2 {[%clk 0:50:56]}
Qxc2 {[%clk 0:34:03]} 24. Rxc2 {[%clk 0:51:19]} Rd6 {[%clk 0:33:16]} 25. Bxf6
{[%clk 0:46:10]} Rxf6 {[%clk 0:33:32]} 26. f3 {[%clk 0:40:05]} Bd7 {[%clk
0:31:10]} 27. Rec1 {[%clk 0:39:00]} h5 {[%clk 0:30:57]} 28. Nd4 {[%clk 0:36:39]}
Rd6 {[%clk 0:25:07]} 29. Rd2 {[%clk 0:35:17]} Bb5 {[%clk 0:23:21]} 30. Kf2 {[%clk
0:34:15]} Red8 {[%clk 0:22:00]} 31. e3 {[%clk 0:32:57]} g6 {[%clk 0:22:08]} 32.
Rcd1 {[%clk 0:30:01]} Rc8 {[%clk 0:17:53]} 33. Ne2 {[%clk 0:23:22]} Rdc6 {[%clk
0:16:55]} 34. Rd8+ {[%clk 0:21:59]} Rxd8 {[%clk 0:17:08]} 35. Rxd8+ {[%clk
0:22:23]} Kg7 {[%clk 0:17:37]} 36. Rd2 {[%clk 0:14:36]} Bxe2 {[%clk 0:15:56]} 37.
Kxe2 {[%clk 0:15:01]} Rc3 {[%clk 0:16:15]} 38. Rd3 {[%clk 0:14:36]} Rc2+ {[%clk
0:16:38]} 39. Rd2 {[%clk 0:13:14]} Rc3 {[%clk 0:17:01]} 40. a4 {[%clk 0:41:18]}
Ra3 {[%clk 0:46:45]} 41. a5 {[%clk 0:41:42]} Rb3 {[%clk 0:46:33]} 42. Rd4 {[%clk
0:42:02]} Rb2+ {[%clk 0:46:58]} 43. Kd3 {[%clk 0:41:18]} Rxh2 {[%clk 0:46:55]}
44. Rh4 {[%clk 0:32:01]} Rb2 {[%clk 0:45:22]} 45. Kc4 {[%clk 0:30:23]} Rc2+
{[%clk 0:39:07]} 46. Kd5 {[%clk 0:29:29]} Rc3 {[%clk 0:39:00]} 47. Re4 {[%clk
0:28:22]} g5 {[%clk 0:37:55]} 48. Kd4 {[%clk 0:24:10]} Rc1 {[%clk 0:36:38]} 49.
Kd5 {[%clk 0:24:28]} Rc3 {[%clk 0:36:46]} 50. Kd4 {[%clk 0:19:01]} Rc1 {[%clk
0:35:37]} 51. Re5 {[%clk 0:12:54]} Kg6 {[%clk 0:35:13]} 52. Rc5 {[%clk 0:11:57]}
Rb1 {[%clk 0:34:17]} 53. Rc6+ {[%clk 0:11:47]} Kg7 {[%clk 0:34:03]} 54. Rc4
{[%clk 0:08:15]} 1/2-1/2

[Event "Girls U20 Polish Youth Championship"]
[Site "Ustron"]
[Date "2019.11.25"]
[Round "3"]
[White "Siekanska, Zuzanna"]
[Black "Hertlein, Irena"]
[Result "1/2-1/2"]
[Board "7"]
[WhiteElo "1723"]
[WhiteCountry "POL"]
[WhiteFideId "21852537"]
[WhiteEloChange "1"]
[BlackElo "1771"]
[BlackCountry "POL"]
[BlackFideId "21817618"]
[BlackEloChange "-1"]

1. d4 {[%clk 1:30:30]} Nf6 {[%clk 1:30:44]} 2. c4 {[%clk 1:30:39]} e6 {[%clk
1:31:04]} 3. Nf3 {[%clk 1:30:39]} Bb4+ {[%clk 1:31:19]} 4. Nbd2 {[%clk 1:30:49]}
b6 {[%clk 1:30:58]} 5. a3 {[%clk 1:31:08]} Bxd2+ {[%clk 1:31:23]} 6. Bxd2 {[%clk
1:31:33]} Bb7 {[%clk 1:31:12]} 7. Bg5 {[%clk 1:31:48]} d6 {[%clk 1:31:11]} 8. e3
{[%clk 1:31:37]} h6 {[%clk 1:30:40]} 9. Bh4 {[%clk 1:31:16]} Nbd7 {[%clk
1:30:45]} 10. Bd3 {[%clk 1:30:25]} g5 {[%clk 1:30:08]} 11. Bg3 {[%clk 1:30:45]}
Ne4 {[%clk 1:30:33]} 12. Qc2 {[%clk 1:26:24]} Nxg3 {[%clk 1:30:33]} 13. fxg3
{[%clk 1:26:19]} g4 {[%clk 1:30:37]} 14. Nh4 {[%clk 1:26:13]} Qg5 {[%clk
1:29:25]} 15. Qf2 {[%clk 1:23:09]} O-O-O {[%clk 1:22:27]} 16. b4 {[%clk 1:18:53]}
h5 {[%clk 1:01:23]} 17. a4 {[%clk 1:16:56]} Rh6 {[%clk 0:57:03]} 18. a5 {[%clk
1:16:14]} Rf6 {[%clk 0:55:56]} 19. Qe2 {[%clk 1:15:53]} c5 {[%clk 0:53:48]} 20.
axb6 {[%clk 1:05:46]} axb6 {[%clk 0:53:17]} 21. Kd1 {[%clk 0:39:21]} cxd4 {[%clk
0:26:04]} 22. exd4 {[%clk 0:39:00]} Ne5 {[%clk 0:24:57]} 23. Be4 {[%clk 0:36:31]}
d5 {[%clk 0:22:03]} 24. cxd5 {[%clk 0:36:30]} exd5 {[%clk 0:22:08]} 25. Bf5+
{[%clk 0:33:21]} Nd7 {[%clk 0:21:32]} 26. Qe5 {[%clk 0:31:49]} Rxf5 {[%clk
0:15:19]} 27. Qxf5 {[%clk 0:32:09]} Qe3 {[%clk 0:15:23]} 28. Rc1+ {[%clk
0:30:26]} Kb8 {[%clk 0:15:23]} 29. Qf4+ {[%clk 0:30:26]} Qxf4 {[%clk 0:15:23]}
30. gxf4 {[%clk 0:30:26]} Nf6 {[%clk 0:15:23]} 31. Re1 {[%clk 0:27:11]} Ne4
{[%clk 0:15:33]} 32. Nf5 {[%clk 0:22:46]} Ba6 {[%clk 0:09:14]} 33. Re3 {[%clk
0:17:54]} Bf1 {[%clk 0:04:42]} 34. Rc2 {[%clk 0:15:14]} Bb5 {[%clk 0:02:02]} 35.
Ke1 {[%clk 0:13:51]} Bd7 {[%clk 0:00:22]} 36. Ne7 {[%clk 0:13:46]} Kb7 37. Nxd5
{[%clk 0:11:57]} f5 38. Nc3 {[%clk 0:10:03]} Bc6 39. Nxe4 {[%clk 0:08:24]} Bxe4
40. Rd2 {[%clk 0:08:13]} Kc6 41. Kf2 {[%clk 0:06:39]} Kb5 42. Rb3 {[%clk
0:05:47]} Kc4 43. Rbb2 {[%clk 0:05:46]} Rxd4 44. Rxd4+ {[%clk 0:04:54]} Kxd4 45.
Rd2+ {[%clk 0:05:08]} Kc4 46. Rd6 {[%clk 0:05:02]} b5 47. Rh6 {[%clk 0:02:52]}
Kxb4 48. Rxh5 {[%clk 0:02:57]} Kc3 1/2-1/2

[Event "Girls U20 Polish Youth Championship"]
[Site "Ustron"]
[Date "2019.11.25"]
[Round "3"]
[White "Malicka, Maria"]
[Black "Pawicka, Magdalena"]
[Result "1-0"]
[Board "8"]
[WhiteElo "2104"]
[WhiteTitle "WCM"]
[WhiteCountry "POL"]
[WhiteFideId "1197576"]
[WhiteEloChange "2"]
[BlackElo "1745"]
[BlackCountry "POL"]
[BlackFideId "21836507"]
[BlackEloChange "-2"]

1. e4 {[%clk 1:30:30]} e5 {[%clk 1:30:42]} 2. Nf3 {[%clk 1:31:24]} Nc6 {[%clk
1:31:07]} 3. Bb5 {[%clk 1:31:49]} a6 {[%clk 1:31:32]} 4. Ba4 {[%clk 1:32:16]} Nf6
{[%clk 1:31:53]} 5. d3 {[%clk 1:32:41]} b5 {[%clk 1:31:39]} 6. Bb3 {[%clk
1:33:06]} Be7 {[%clk 1:32:02]} 7. Nc3 {[%clk 1:33:17]} d6 {[%clk 1:32:16]} 8. a3
{[%clk 1:33:31]} O-O {[%clk 1:32:09]} 9. Nd5 {[%clk 1:33:40]} Na5 {[%clk
1:31:46]} 10. Ba2 {[%clk 1:33:50]} c5 {[%clk 1:22:07]} 11. O-O {[%clk 1:31:32]}
Nc6 {[%clk 1:19:55]} 12. c3 {[%clk 1:30:23]} Nxd5 {[%clk 1:09:03]} 13. Bxd5
{[%clk 1:29:25]} Bd7 {[%clk 1:08:29]} 14. d4 {[%clk 1:18:29]} cxd4 {[%clk
0:59:30]} 15. cxd4 {[%clk 1:18:52]} Rc8 {[%clk 0:58:08]} 16. dxe5 {[%clk
1:12:01]} Nxe5 {[%clk 0:55:35]} 17. Nd4 {[%clk 0:59:56]} Nc6 {[%clk 0:49:07]} 18.
Be3 {[%clk 0:58:38]} Nxd4 {[%clk 0:45:24]} 19. Bxd4 {[%clk 0:56:02]} Bf6 {[%clk
0:44:02]} 20. Bxf6 {[%clk 0:55:55]} Qxf6 {[%clk 0:43:46]} 21. Qd2 {[%clk
0:56:15]} Bc6 {[%clk 0:40:13]} 22. Rac1 {[%clk 0:45:43]} Bxd5 {[%clk 0:39:08]}
23. exd5 {[%clk 0:46:10]} h6 {[%clk 0:34:08]} 24. Rc6 {[%clk 0:45:00]} Rxc6
{[%clk 0:33:16]} 25. dxc6 {[%clk 0:45:26]} Rc8 {[%clk 0:33:19]} 26. Rc1 {[%clk
0:45:03]} Rc7 {[%clk 0:21:09]} 27. g3 {[%clk 0:31:57]} Qd8 {[%clk 0:16:06]} 28.
Qd5 {[%clk 0:09:01]} Qg5 {[%clk 0:13:02]} 29. Qxg5 {[%clk 0:09:29]} hxg5 {[%clk
0:13:24]} 30. Kg2 {[%clk 0:09:54]} Kf8 {[%clk 0:10:37]} 31. Kf3 {[%clk 0:10:20]}
Ke7 {[%clk 0:10:36]} 32. Ke4 {[%clk 0:10:22]} Ke6 {[%clk 0:10:47]} 33. Kd4 {[%clk
0:10:45]} g6 {[%clk 0:07:23]} 34. Re1+ {[%clk 0:09:19]} Kf6 {[%clk 0:07:45]} 35.
Kd5 {[%clk 0:09:04]} Re7 {[%clk 0:08:08]} 36. Rc1 {[%clk 0:09:06]} 1-0